[Event "BL2 West 1617 (Women)"]
[Site "Germany"]
[Date "2017.02.12"]
[Round "5.2"]
[White "Weclawski, Dorota"]
[Black "Rahimi, Anita"]
[Result "1-0"]
[WhiteElo "1950"]
[BlackElo "1689"]
[PlyCount "117"]
[EventDate "2016.10.22"]
[EventType "team-tourn"]
[EventRounds "7"]
[EventCountry "GER"]
[SourceTitle "EXT 2018"]
[Source "ChessBase"]
[SourceDate "2017.10.13"]
[SourceVersion "1"]
[SourceVersionDate "2017.10.13"]
[SourceQuality "1"]
[WhiteTeam "Horst Emscher (W)"]
[BlackTeam "Heiden (W)"]
[WhiteTeamCountry "GER"]
[BlackTeamCountry "GER"]

1. d4 d5 2. Nf3 c6 3. e3 Nf6 4. c4 e6 5. Be2 Bd6 6. 0-0 Nbd7 7. b3 e5 8. cxd5 Nxd5 9. dxe5 Nxe5 10. Bb2 Qc7 11. Nbd2 Rg8 12. Nd4 g5 13. Ne4 Be7 14. Rc1 a6 15. Ng3 Bd6 16. Ndf5 Bxf5 17. Nxf5 0-0-0 18. Nxd6+ Qxd6 19. Qc2 Kb8 20. Qf5 f6 21. Rfd1 Qc7 22. g3 Qd7 23. Bxe5+ fxe5 24. Qxe5+ Qc7 25. Qb2 Rgf8 26. Bf1 h5 27. Bg2 Qe7 28. Qe2 g4 29. Rd4 Rf6 30. Rcd1 Rdf8 31. Rf1 Qe5 32. Qd2 h4 33. Bxd5 cxd5 34. Rxd5 Qe4 35. Rd8+ Ka7 36. Rxf8 Rxf8 37. Qd4+ Qxd4 38. exd4 Rd8 39. Rd1 hxg3 40. hxg3 Rd5 41. Kg2 Kb6 42. f3 gxf3+ 43. Kxf3 Kb5 44. g4 Kb4 45. Ke4 Rg5 46. Kf4 Rd5 47. g5 Ka3 48. Rd2 Kb4 49. g6 Kc3 50. g7 Rd8 51. Rg2 Rg8 52. d5 Kd4 53. d6 Kd5 54. d7 Kc6 55. d8Q Rxd8 56. g8Q Rxg8 57. Rxg8 a5 58. Rg5 Kb6 59. a4 1-0

[Event "GER-chT Federal Cup (Women)"]
[Site "Braunfels"]
[Date "2016.05.26"]
[Round "1.8"]
[White "Weclawski, Dorota"]
[Black "Froehlich, Franziska"]
[Result "1-0"]
[WhiteElo "1852"]
[BlackElo "1793"]
[PlyCount "127"]
[EventDate "2016.05.26"]
[EventType "team-swiss"]
[EventRounds "5"]
[EventCountry "GER"]
[SourceTitle "EXT 2019"]
[Source "ChessBase"]
[SourceDate "2018.10.10"]
[SourceVersion "1"]
[SourceVersionDate "2018.10.10"]
[SourceQuality "1"]
[WhiteTeam "Nordrhein Westfalen (W)"]
[BlackTeam "Wuerttemberg (W)"]
[WhiteTeamCountry "GER"]
[BlackTeamCountry "GER"]

1. d4 e6 2. Nf3 d5 3. c4 c6 4. e3 Nf6 5. Nc3 Bd6 6. Be2 Nbd7 7. 0-0 0-0 8. b3 Re8 9. Bb2 Nf8 10. Qc2 Ng6 11. Rad1 Qc7 12. c5 Be7 13. b4 a5 14. b5 cxb5 15. Bxb5 Bd7 16. Qb3 Bxb5 17. Qxb5 Rec8 18. Na4 Nd7 19. Rb1 Bd8 20. Rfc1 Qc6 21. Ba3 Rab8 22. Rc3 b6 23. Qxc6 Rxc6 24. Rcb3 Bc7 25. Rb5 bxc5 26. Rxb8+ Nxb8 27. Bxc5 Nd7 28. Kf1 f6 29. g3 Kf7 30. Rb5 Ne7 31. Nd2 Ke8 32. Nb3 Ra6 33. Rb7 Bd8 34. Bxe7 Bxe7 35. Nbc5 Nxc5 36. dxc5 Rc6 37. Rb5 Bd8 38. Rb8 Kd7 39. Rb7+ Rc7 40. Rb8 Rc6 41. Ra8 e5 42. Ke2 h5 43. Kd3 g6 44. e4 d4 45. Kc4 Rc8 46. Ra7+ Ke8 47. Rg7 g5 48. Rh7 Rb8 49. a3 Rb1 50. Kd5 Be7 51. Ke6 Rb7 52. Nb6 d3 53. Nd5 d2 54. Rh8+ Bf8 55. Nxf6+ Kd8 56. Rxf8+ Kc7 57. Nd5+ Kc6 58. Rc8+ Kb5 59. Ne3 Ka4 60. Rd8 Kxa3 61. Rxd2 Kb3 62. c6 Rb6 63. Kd7 a4 64. c7 1-0

[Event "NRW-ch (Women)"]
[Site "Solingen"]
[Date "2014.10.13"]
[Round "3"]
[White "Sewald, Kathrin"]
[Black "Weclawski, Dorota"]
[Result "0-1"]
[WhiteElo "1503"]
[BlackElo "2090"]
[PlyCount "67"]
[EventDate "2014.10.11"]
[EventType "tourn"]
[EventRounds "5"]
[EventCountry "GER"]
[SourceTitle "EXT 2016"]
[Source "ChessBase"]
[SourceDate "2015.10.08"]
[SourceVersion "1"]
[SourceVersionDate "2015.10.08"]
[SourceQuality "1"]

1. e4 e6 2. d4 d5 3. e5 c5 4. c3 Nc6 5. f4 cxd4 6. cxd4 Qb6 7. Nf3 Bb4+ 8. Nc3 Bd7 9. h3 Rc8 10. Be2 Nge7 11. g4 h5 12. Kf2 Bxc3 13. bxc3 Na5 14. Bd2 Nc4 15. Bxc4 Rxc4 16. Qg1 g6 17. Qg2 Qa6 18. Rhb1 Ra4 19. Rb2 Bb5 20. Ke3 Bc4 21. Be1 Bf1 22. Qc2 Bxh3 23. Rxb7 Qxb7 24. Qxa4+ Qd7 25. Qa6 hxg4 26. Rb1 Nf5+ 27. Kd2 0-0 28. Ng5 Rc8 29. Nxh3 gxh3 30. Qf1 h2 31. Qh3 Qa4 32. Rb2 Qa3 33. Rc2 Nxd4 34. Qxh2 0-1

[Event "NRW-ch (Women)"]
[Site "Solingen"]
[Date "2014.10.12"]
[Round "2"]
[White "Weclawski, Dorota"]
[Black "Brinkmann, Andrea"]
[Result "1-0"]
[WhiteElo "2090"]
[BlackElo "1909"]
[PlyCount "39"]
[EventDate "2014.10.11"]
[EventType "tourn"]
[EventRounds "5"]
[EventCountry "GER"]
[SourceTitle "EXT 2016"]
[Source "ChessBase"]
[SourceDate "2015.10.08"]
[SourceVersion "1"]
[SourceVersionDate "2015.10.08"]
[SourceQuality "1"]

1. d4 d5 2. Nf3 Nc6 3. Bf4 Nf6 4. c4 Bg4 5. e3 e6 6. Nc3 Bb4 7. h3 Bh5 8. a3 Bxc3+ 9. bxc3 0-0 10. Bg5 h6 11. Bxf6 Qxf6 12. Be2 Na5 13. Ne5 Bxe2 14. Qxe2 Qe7 15. cxd5 exd5 16. Qb5 b6 17. Qxd5 Rac8 18. Ng6 Qf6 19. Nxf8 Kxf8 20. Qd7 1-0